Statistiques concernant Rugbymans célèbres (par images).

Cliquez ici pour prendre le quiz!

Statistiques générales

  • Ce quiz a été pris 1 088 fois
  • Le résultat moyen est 12 sur 16

Statistiques - réponses

Réponse% Correct
Antoine Dupont
99%
Sébastien Chabal
96%
Jonny Wilkinson
91%
Dan Carter
90%
Jonathan Sexton
90%
Jonah Lomu
88%
Cheslin Kolbe
87%
Thierry Dusautoir
84%
Beauden Barrett
79%
Finn Russell
77%
Serge Blanco
75%
Sergio Parisse
75%
Ardie Savea
63%
Richie McCaw
63%
Brian O'Driscoll
40%
David Campese
12%

Distribution des résultats

Percentile par nombre de réponses

% des personnes avec chaque résultat

Votre développement - résultats

Vous n’avez pas pris ce quiz